[Event "Schachfestival 2020-Open"]
[Site "Bad Woerishofen"]
[Date "2020.03.20"]
[Round "3.8"]
[White "Baeuml, Ulrich"]
[Black "Vetokhin, Savva"]
[Result "0-1"]
[WhiteElo "2068"]
[BlackElo "2273"]
[Annotator "chessorg"]
[PlyCount "106"]
[EventDate "2020.??.??"]
[WhiteTeam "SC Dillingen"]
[BlackTeam "Botvinnik chess club"]

1. c4 e5 2. g3 Nf6 3. Bg2 d5 4. cxd5 Nxd5 5. Nc3 Nb6 6. Nf3 Nc6 7. O-O Be7 8.
d3 O-O 9. a3 Be6 10. Be3 f6 11. Rc1 Qd7 12. Ne4 Nd5 13. Nc5 Bxc5 14. Bxc5 Rfd8
15. Nd2 Nd4 16. Bxd4 exd4 17. Ne4 b6 18. Qc2 c5 19. Nd2 Rac8 20. Rfe1 f5 21.
Nc4 b5 22. Ne5 Qd6 23. Nf3 Nf6 24. Qd2 Bd5 25. Qg5 g6 26. Nh4 Bxg2 27. Nxg2 c4
28. Nf4 c3 29. Nxg6 hxg6 30. Qxg6+ Kf8 31. Qxf5 Rc5 32. Qg6 Rdc8 33. bxc3 Rxc3
34. Rb1 R3c5 35. e4 R8c7 36. Qh6+ Kf7 37. g4 Kg8 38. f4 Rg7 39. Rb2 Rh5 40.
Qxg7+ Kxg7 41. gxh5 Qxf4 42. e5 Nd5 43. Rg2+ Kh7 44. e6 Ne3 45. Rg6 Ng4 46. Re2
Qc1+ 47. Kg2 Ne3+ 48. Kf3 Qf1+ 49. Rf2 Qh3+ 50. Ke4 Qh4+ 51. Rf4 Qxh5 52. Rff6
Ng4 53. e7 Qe5+ 0-1

[Event "Schachfestival 2020-Open"]
[Site "Bad Woerishofen"]
[Date "2020.03.20"]
[Round "3.9"]
[White "Dewenter, Ulf"]
[Black "Santiago, Yago"]
[Result "0-1"]
[WhiteElo "2164"]
[BlackElo "2493"]
[Annotator "chessorg"]
[PlyCount "108"]
[EventDate "2020.??.??"]
[WhiteTeam "SC Weiße Dame Borbeck 25 e.V."]

1. e4 e6 2. f4 d5 3. e5 c5 4. Nf3 Nc6 5. c3 d4 6. d3 Nh6 7. Be2 Nf5 8. O-O h5
9. Na3 Be7 10. Nc2 b6 11. c4 Bb7 12. Rb1 Qc7 13. a3 a5 14. b3 h4 15. Qe1 g5 16.
fxg5 O-O-O 17. Bd1 Bf8 18. Bf4 Nce7 19. h3 Ng6 20. Bh2 Be7 21. b4 cxb4 22. axb4
axb4 23. Nxb4 Rdg8 24. Rb2 Ng3 25. Be2 Nxf1 26. Qxf1 Nf8 27. Bf4 Nd7 28. Qa1
Nb8 29. Qc1 Rg7 30. Nc2 Nc6 31. Rb1 Bc5 32. Na3 Na7 33. Nb5 Nxb5 34. cxb5 Kb8
35. Qf1 Qd8 36. Ra1 Be7 37. Kh2 Qd5 38. Ra4 Qxb5 39. Rxd4 Rhg8 40. Qa1 Bc5 41.
Ra4 Bf2 42. Ra2 Qd5 43. Ra7 Bg3+ 44. Bxg3 hxg3+ 45. Kh1 Rc8 46. d4 Qc6 47. Ne1
Qc3 48. Rxb7+ Kxb7 49. Bf3+ Kb8 50. Qa8+ Kc7 51. Qb7+ Kd8 52. Qxb6+ Ke7 53.
Qb7+ Rc7 54. Qb1 Qxd4 0-1

[Event "Schachfestival 2020-Open"]
[Site "Bad Woerishofen"]
[Date "2020.03.07"]
[Round "3.10"]
[White "Akash G"]
[Black "Klings, Peter"]
[Result "1-0"]
[WhiteElo "2487"]
[BlackElo "2161"]
[Annotator "chessorg"]
[PlyCount "53"]
[EventDate "2020.??.??"]
[BlackTeam "Freinbauer Moerlenbach"]

1. e4 e6 2. d4 d5 3. Nc3 h6 4. Bd3 dxe4 5. Nxe4 Nd7 6. Qe2 Ngf6 7. Bd2 Nxe4 8.
Bxe4 c6 9. Nf3 Bd6 10. O-O-O Nf6 11. Bd3 b5 12. Ne5 Bxe5 13. dxe5 Nd5 14. Qg4
g6 15. Bxg6 Rg8 16. Bxf7+ Kxf7 17. Qf3+ Kg6 18. Qd3+ Kg7 19. Qh3 h5 20. Qxh5
Rh8 21. Qg4+ Kf7 22. Bg5 Qg8 23. h4 Ke8 24. Rh3 a5 25. Qd4 Qf8 26. Rf3 Qb4 27.
Qd3 1-0

[Event "Schachfestival 2020-Open"]
[Site "Bad Woerishofen"]
[Date "2020.03.07"]
[Round "3.11"]
[White "Assaubayeva, Bibisara"]
[Black "Schatz, Christian"]
[Result "1/2-1/2"]
[WhiteElo "2370"]
[BlackElo "2154"]
[Annotator "chessorg"]
[PlyCount "40"]
[EventDate "2020.??.??"]
[BlackTeam "SC Postbauer-Heng e.V"]

1. d4 Nf6 2. c4 e5 3. dxe5 Ng4 4. Bf4 Nc6 5. Nf3 Bb4+ 6. Nc3 Bxc3+ 7. bxc3 Qe7
8. Qd5 f6 9. exf6 Nxf6 10. Qd3 d6 11. e3 O-O 12. Be2 Ne4 13. O-O Bf5 14. Qd5+
Kh8 15. Rac1 g5 16. Bg3 h5 17. Nd4 Bg6 18. Qe6 Qe8 19. Qh3 h4 20. Bxh4 gxh4
1/2-1/2

[Event "Schachfestival 2020-Open"]
[Site "Bad Woerishofen"]
[Date "2020.03.07"]
[Round "3.20"]
[White "Tscharotschkin, Michael"]
[Black "Jungbluth, Michael"]
[Result "1-0"]
[WhiteElo "2191"]
[BlackElo "2036"]
[Annotator "chessorg"]
[PlyCount "65"]
[EventDate "2020.??.??"]
[WhiteTeam "SF 47 Neckartenzlingen"]
[BlackTeam "SV Unser Fritz Wanne-Eickel 1955 e.V."]

1. d4 Nf6 2. Nf3 g6 3. c4 Bg7 4. Nc3 d6 5. e4 O-O 6. Be2 e5 7. O-O Nc6 8. d5
Ne7 9. Ne1 Nd7 10. Nd3 f5 11. Bg5 f4 12. b4 h6 13. Bxe7 Qxe7 14. Qb3 Kh7 15.
Rac1 h5 16. c5 g5 17. Bxh5 Nf6 18. Bd1 Rh8 19. cxd6 cxd6 20. f3 Kg8 21. Nf2 Bd7
22. Be2 Rh4 23. Bb5 Bc8 24. Be2 g4 25. fxg4 Bxg4 26. Bxg4 Nxg4 27. Nxg4 Rxg4
28. Nb5 Bh6 29. Qh3 Qg5 30. Nxd6 f3 31. Qxf3 Rf8 32. Nf5 Kh8 33. Qh3 1-0

[Event "Schachfestival 2020-Open"]
[Site "Bad Woerishofen"]
[Date "2020.03.07"]
[Round "3.27"]
[White "Pitschka, Claus"]
[Black "Matzat, Andre"]
[Result "1-0"]
[WhiteElo "2150"]
[BlackElo "2002"]
[Annotator "chessorg"]
[PlyCount "55"]
[EventDate "2020.??.??"]
[WhiteTeam "SC Garching 1980 e.V."]
[BlackTeam "Oberhausener SV 1887 e.V."]

1. e4 c5 2. Nf3 e6 3. c3 Nf6 4. e5 Nd5 5. d4 cxd4 6. cxd4 d6 7. Bc4 Nc6 8. O-O
Be7 9. Qe2 O-O 10. Nc3 Nxc3 11. bxc3 Qc7 12. Bd3 dxe5 13. dxe5 Rd8 14. Re1 b6
15. Qe4 g6 16. Bg5 Bb7 17. Qe3 Bxg5 18. Nxg5 Nxe5 19. Qh3 h5 20. Bxg6 Nxg6 21.
Qxh5 Nf8 22. Re3 f6 23. Rg3 Qxg3 24. fxg3 fxg5 25. Qxg5+ Kf7 26. Rf1+ Ke8 27.
Qg7 Nd7 28. Qf7# 1-0

[Event "Schachfestival 2020-Open"]
[Site "Bad Woerishofen"]
[Date "2020.03.07"]
[Round "3.31"]
[White "Woeltge, Carsten"]
[Black "Schiffer, Steve Thomas"]
[Result "1-0"]
[WhiteElo "1913"]
[BlackElo "2074"]
[Annotator "chessorg"]
[PlyCount "79"]
[EventDate "2020.??.??"]
[WhiteTeam "SC Bonn-Beuel"]
[BlackTeam "FB-Moerlenbach-Birkenau"]

1. d4 g6 2. c4 Nf6 3. Nc3 Bg7 4. e4 d6 5. h3 O-O 6. Nf3 e5 7. d5 Nbd7 8. Be2
Nc5 9. Qc2 a5 10. Be3 Ne8 11. g4 c6 12. O-O-O Bd7 13. Bxc5 dxc5 14. dxc6 bxc6
15. Qd3 Ra7 16. Na4 Qe7 17. Qe3 f5 18. Qxc5 Qxc5 19. Nxc5 Bc8 20. exf5 gxf5 21.
g5 h6 22. Rd8 Rc7 23. h4 e4 24. Nd4 Bxd4 25. Rxd4 hxg5 26. hxg5 Rg7 27. Rd8 Nc7
28. Rxf8+ Kxf8 29. Rh8+ Rg8 30. Rh6 Rxg5 31. Rxc6 Rg7 32. Kd2 Re7 33. a3 Kf7
34. b4 axb4 35. axb4 Be6 36. Bh5+ Kf6 37. b5 Nxb5 38. cxb5 Ke5 39. Rxe6+ Rxe6
40. Nxe6 1-0

[Event "Schachfestival 2020-Open"]
[Site "Bad Woerishofen"]
[Date "2020.03.07"]
[Round "3.34"]
[White "Kretschel, Klaus"]
[Black "Kluegel, Jan"]
[Result "1-0"]
[WhiteElo "2056"]
[BlackElo "1846"]
[Annotator "chessorg"]
[PlyCount "93"]
[EventDate "2020.??.??"]
[WhiteTeam "SAbt TuS Fuerstenfeldbruck"]

1. Nf3 Nf6 2. g3 d5 3. Bg2 c6 4. O-O Bf5 5. d3 e6 6. Nbd2 Be7 7. c3 h6 8. Re1
Bh7 9. h3 Nbd7 10. e4 dxe4 11. dxe4 Nc5 12. Ne5 Nd3 13. Nxd3 Qxd3 14. e5 Nd7
15. Qg4 g5 16. Qc4 Nb6 17. Qxd3 Bxd3 18. Nf3 O-O-O 19. b3 Rhg8 20. Bb2 h5 21.
Rad1 g4 22. hxg4 Rxg4 23. Nd4 h4 24. Rxd3 c5 25. Ba3 Bf8 26. gxh4 cxd4 27. Bxf8
Rxf8 28. Rxd4 Rg7 29. Kh2 Rfg8 30. Bf3 Nd5 31. Ree4 Kb8 32. Rg4 Nxc3 33. Rxg7
Rxg7 34. a4 Rh7 35. Kh3 Rh8 36. Rd7 Nd5 37. Bxd5 exd5 38. Rxd5 Kc7 39. f4 Rg8
40. h5 f5 41. exf6 Kc6 42. f7 Rf8 43. Rf5 Kd6 44. Kg4 Ke6 45. Kg5 Rxf7 46. Rxf7
Kxf7 47. h6 1-0

[Event "Schachfestival 2020-Open"]
[Site "Bad Woerishofen"]
[Date "2020.03.07"]
[Round "3.37"]
[White "Schellmann, Frank"]
[Black "Schaefer, Michael"]
[Result "1/2-1/2"]
[WhiteElo "2003"]
[BlackElo "2158"]
[Annotator "chessorg"]
[PlyCount "33"]
[EventDate "2020.??.??"]
[WhiteTeam "DBSB"]
[BlackTeam "Moerlenbach-Birkenau"]

1. e4 d6 2. d4 Nf6 3. Nc3 e5 4. Nf3 Nbd7 5. Bc4 Be7 6. O-O O-O 7. a4 c6 8. Re1
b6 9. Ba2 a6 10. h3 Bb7 11. Nh4 g6 12. dxe5 Nxe5 13. Bh6 Re8 14. f4 Ned7 15.
Nf3 Nf8 16. f5 N8d7 17. Kh1 1/2-1/2

[Site "Bad Woerishofen"]
[Date "2020.03.09"]
[Round "4.1"]
[White "Vorobiov, Evgeny"]
[Black "Felgendreher, Heiko"]
[Result "1-0"]
[WhiteElo "2534"]
[BlackElo "2186"]
[Annotator "chessorg"]
[PlyCount "57"]
[EventDate "2020.??.??"]
[BlackTeam "Freibauer Moerlenbach"]

1. Nf3 Nf6 2. c4 c5 3. Nc3 g6 4. e4 d6 5. d4 cxd4 6. Nxd4 Bg7 7. Be2 O-O 8. Be3
Nc6 9. Qd2 a6 10. O-O Bd7 11. f3 Rc8 12. Rac1 Re8 13. Rfd1 Qa5 14. Nb3 Qb4 15.
Qc2 Na5 16. Nd2 Nc6 17. a3 Qa5 18. Nb3 Qh5 19. c5 dxc5 20. Nxc5 Bh6 21. Bxh6
Qxc5+ 22. Kh1 Nd4 23. Qd3 Nb3 24. Rb1 Qh5 25. Qe3 Be6 26. e5 g5 27. Bxg5 Rxc3
28. bxc3 Nd5 29. Rxd5 1-0

[Event "Schachfestival 2020-Open"]
[Site "Bad Woerishofen"]
[Date "2020.03.20"]
[Round "4.2"]
[White "Arnold, Max"]
[Black "Pap, Misa"]
[Result "1/2-1/2"]
[WhiteElo "2283"]
[BlackElo "2437"]
[Annotator "chessorg"]
[PlyCount "128"]
[EventDate "2020.??.??"]
[WhiteTeam "SK 1926 Ettlingen"]
[BlackTeam "SC Hansa Dortmund e.V."]

1. e4 e5 2. Bc4 Nf6 3. d3 c6 4. Nf3 d5 5. Bb3 a5 6. a4 Bb4+ 7. c3 Bd6 8. exd5
cxd5 9. Bg5 Be6 10. Na3 Nbd7 11. Nb5 Bb8 12. d4 e4 13. Nd2 h6 14. Bh4 Bf4 15.
c4 g5 16. Bg3 O-O 17. cxd5 Bg4 18. Qc2 Rc8 19. Nc3 Re8 20. Nc4 Nb6 21. Ne3 Bh5
22. O-O Bg6 23. Qe2 Nh5 24. Qb5 Ra8 25. Rad1 Nc8 26. Nc4 Nd6 27. Qb6 Nxc4 28.
Qxd8 Raxd8 29. Bxc4 Nxg3 30. hxg3 Bd6 31. Rfe1 f5 32. Nb5 Kg7 33. Nxd6 Rxd6 34.
f3 Bf7 35. fxe4 fxe4 36. Kf2 Bh5 37. Rc1 e3+ 38. Kg1 Re4 39. b3 Kf6 40. Rc3 e2
41. Rd3 Ke7 42. Rd2 Rb6 43. Bb5 Rf6 44. Bxe2 Re3 45. Rb2 Kd6 46. Rf1 Rxf1+ 47.
Bxf1 Bd1 48. Bc4 Rxg3 49. Rb1 Bc2 50. Re1 Bxb3 51. Re6+ Kc7 52. Kf2 Rc3 53. d6+
Kd7 54. Bxb3 Rxb3 55. Rxh6 b6 56. Rg6 Rd3 57. Rxg5 Rxd4 58. Rb5 Kc6 59. Ke3
Rxa4 60. d7 Kxd7 61. Rxb6 Rb4 62. Rxb4 axb4 63. Kd4 Ke6 64. Kc4 Kf5 1/2-1/2

[Event "Schachfestival 2020-Open"]
[Site "Bad Woerishofen"]
[Date "2020.03.20"]
[Round "4.3"]
[White "Vetokhin, Savva"]
[Black "Burmakin, Vladimir"]
[Result "0-1"]
[WhiteElo "2273"]
[BlackElo "2514"]
[Annotator "chessorg"]
[PlyCount "80"]
[EventDate "2020.??.??"]
[WhiteTeam "Botvinnik chess club"]

1. e4 c6 2. d4 d5 3. Nd2 dxe4 4. Nxe4 Bf5 5. Ng3 Bg6 6. h4 h6 7. Nf3 Nd7 8. Bd3
Bxd3 9. Qxd3 e6 10. Bd2 Ngf6 11. O-O-O Qc7 12. Ne4 O-O-O 13. h5 c5 14. Nxf6
Nxf6 15. Qa3 Kb8 16. Qa4 c4 17. Ne5 Rc8 (17... Rxd4 18. Be3) 18. Rh3 Bd6 19.
Bb4 Bxb4 20. Qxb4 Nd5 21. Qc5 c3 22. bxc3 Qxc5 23. Nd7+ Ka8 24. Nxc5 b6 25. Na4
Rc4 26. Nb2 Rxc3 27. Nd3 Rhc8 28. Rd2 Ra3 29. Kb2 Ra4 30. Rg3 Nc3 31. Kb3 $2 (
31. Nc5 bxc5 32. Kxc3 cxd4+ 33. Kb3 $11) 31... Ra5 32. Rf3 Rb5+ 33. Nb4 a5 34.
a3 axb4 35. axb4 Ne4 36. Re2 Nf6 37. g4 Rd5 38. c3 b5 39. Re5 Kb7 40. Rfe3 Kc6
0-1

[Event "Schachfestival 2020-Open"]
[Site "Bad Woerishofen"]
[Date "2020.03.20"]
[Round "4.4"]
[White "Santiago, Yago"]
[Black "Gohla, Ulf"]
[Result "1-0"]
[WhiteElo "2493"]
[BlackElo "2156"]
[Annotator "chessorg"]
[PlyCount "97"]
[EventDate "2020.??.??"]
[BlackTeam "SV Wattenscheid"]

1. d4 Nf6 2. Nc3 d5 3. Bf4 c6 4. e3 Bf5 5. f3 h6 6. g4 Bh7 7. Bd3 e6 8. Nge2
Bd6 9. Qd2 Bxd3 10. cxd3 Bxf4 11. Nxf4 Nbd7 12. O-O-O Qa5 13. Kb1 O-O-O 14. h4
Kb8 15. g5 Ne8 16. g6 Nc7 17. gxf7 Rhf8 18. Qh2 Ka8 19. Qh3 Rxf7 20. Nxe6 Nxe6
21. Qxe6 Rxf3 22. Rhf1 Rxf1 23. Rxf1 Qb4 24. a3 Nf8 25. Qf7 Qd6 26. Qxg7 Nd7
27. Rf7 Kb8 28. Ka2 Kc8 29. Re7 b5 30. Qf7 a5 31. Re6 Qc7 32. Qe7 h5 33. e4
dxe4 34. d5 Nb8 35. d6 Qb6 36. Rxe4 Nd7 37. Ne2 b4 38. axb4 axb4 39. Kb1 Nc5
40. Rxb4 Qa5 41. Nd4 Rxd6 42. Qe8+ Kc7 43. Qb8+ Kd7 44. Nb3 Nxb3 45. Rb7+ Ke6
46. Qe8+ Kf5 47. Qe4+ Kf6 48. Qe7+ Kf5 49. Qg5+ 1-0

[Event "Schachfestival 2020-Open"]
[Site "Bad Woerishofen"]
[Date "2020.03.20"]
[Round "4.8"]
[White "Dauletova, Gulmira"]
[Black "Pribyl, Viktor"]
[Result "1-0"]
[WhiteElo "2299"]
[BlackElo "2132"]
[Annotator "chessorg"]
[PlyCount "89"]
[EventDate "2020.??.??"]

1. e4 c5 2. Nf3 d6 3. d4 cxd4 4. Nxd4 Nf6 5. Nc3 a6 6. Rg1 b5 7. g4 Bb7 8. Bg2
e6 9. g5 Nfd7 10. Be3 Be7 11. h4 Nc5 12. a3 Nbd7 13. b4 Na4 14. Nxa4 bxa4 15.
c4 a5 16. Nb5 Ne5 17. Qd4 O-O 18. f4 Nc6 19. Qb2 axb4 20. axb4 d5 21. c5 Qb8
22. Na3 d4 23. Bc1 Rd8 24. Nc4 Ra7 25. Nb6 a3 26. Rxa3 Qc7 27. Bd2 d3 28. Rxa7
Nxa7 29. Be3 Nb5 30. Kd2 f5 31. gxf6 Bxf6 32. e5 Bxh4 33. Qa2 Re8 34. Bh3 Qf7
35. Qc4 Nc7 36. f5 Qh5 37. Bg4 Qf7 38. f6 Nd5 39. Bxe6 Be1+ 40. Kxe1 Qxe6 41.
Rxg7+ Kh8 42. Rxh7+ Kxh7 43. Qh4+ Kg6 44. Qg5+ Kf7 45. Qg7# 1-0

[Event "Schachfestival 2020-Open"]
[Site "Bad Woerishofen"]
[Date "2020.03.20"]
[Round "4.10"]
[White "Hipp, Hermann"]
[Black "Dorst, Johannes"]
[Result "0-1"]
[WhiteElo "1964"]
[BlackElo "2253"]
[Annotator "chessorg"]
[PlyCount "84"]
[EventDate "2020.??.??"]
[BlackTeam "SK Marburg 1931/72"]

1. b3 c5 2. Bb2 Nc6 3. Nf3 Nf6 4. e3 g6 5. Be2 Bg7 6. c4 O-O 7. O-O d6 8. d4
cxd4 9. Nxd4 Bd7 10. Nd2 a6 11. N2f3 Qc7 12. Nxc6 bxc6 13. c5 d5 14. Be5 Qa7
15. Qd4 Ne8 16. Bxg7 Nxg7 17. Rac1 f6 18. Qa4 e5 19. Qa5 Ne6 20. Rfd1 Qc7 21.
Qc3 a5 22. Rd2 Rfb8 23. Rb2 Bc8 24. h3 Qe7 25. a3 Ba6 26. Bd1 Nc7 27. a4 Rb4
28. Ne1 d4 29. Qd2 dxe3 30. Qxe3 Nd5 31. Qg3 Rd8 32. Rd2 Nf4 33. Rxd8+ Qxd8 34.
Qe3 Qd5 35. Bf3 Qxb3 36. Rc3 Qxa4 37. Kh2 Rd4 38. g3 Nd5 39. Bxd5+ Rxd5 40. Nf3
Qd1 41. Ng1 Qd4 42. Qf3 e4 0-1

[Event "Schachfestival 2020-Open"]
[Site "Bad Woerishofen"]
[Date "2020.03.09"]
[Round "4.12"]
[White "Assaubayeva, Bibisara"]
[Black "Rueberg, Jobst"]
[Result "1-0"]
[WhiteElo "2370"]
[BlackElo "2115"]
[Annotator "chessorg"]
[PlyCount "47"]
[EventDate "2020.??.??"]
[BlackTeam "SV Ahlen"]

1. Nf3 Nf6 2. c4 e6 3. d4 b6 4. a3 Bb7 5. Nc3 d5 6. cxd5 exd5 7. Bf4 Bd6 8.
Bxd6 Qxd6 9. Rc1 a6 10. e3 Nbd7 11. Bd3 O-O 12. O-O h6 13. b4 Rfc8 14. Nh4 Ne4
15. Nf5 Qf8 16. Bxe4 dxe4 17. Nxh6+ gxh6 18. Qg4+ Kh8 19. Qxd7 Qg7 20. Ne2 Rg8
21. Ng3 Bc8 22. Qe7 Bf5 23. Rxc7 Raf8 24. Qe5 1-0

[Event "Schachfestival 2020-Open"]
[Site "Bad Woerishofen"]
[Date "2020.03.20"]
[Round "4.14"]
[White "Schatz, Christian"]
[Black "Eckardt, Joshua"]
[Result "1/2-1/2"]
[WhiteElo "2154"]
[BlackElo "2270"]
[Annotator "chessorg"]
[PlyCount "31"]
[EventDate "2020.??.??"]
[WhiteTeam "SC Postbauer-Heng e.V"]
[BlackTeam "SK Koenigsspringer Iserlohn 1934"]

1. Nf3 Nf6 2. c4 c5 3. d4 cxd4 4. Nxd4 g6 5. g3 Bg7 6. Bg2 d5 7. O-O O-O 8. Qb3
e5 9. Nc2 dxc4 10. Qxc4 Nc6 11. Nc3 Be6 12. Qb5 Qc7 13. Be3 Rfd8 14. Rac1 Rac8
15. Rfd1 h6 16. h3 1/2-1/2

[Event "Schachfestival 2020-Open"]
[Site "Bad Woerishofen"]
[Date "2020.03.09"]
[Round "4.15"]
[White "Stojanovski, Sandi"]
[Black "Baeuml, Ulrich"]
[Result "1-0"]
[WhiteElo "2209"]
[BlackElo "2068"]
[Annotator "chessorg"]
[PlyCount "35"]
[EventDate "2020.??.??"]
[BlackTeam "SC Dillingen"]

1. c4 b6 2. e4 e5 3. Nf3 Qe7 4. Nc3 Bb7 5. Nd5 Bxd5 6. exd5 Nf6 7. Be2 g6 8.
O-O Bg7 9. Re1 O-O 10. Bf1 d6 11. d4 Nbd7 12. dxe5 Nxe5 13. Nd4 Nfg4 14. h3
Nxf2 15. Kxf2 Qh4+ 16. g3 Qf6+ 17. Kg2 Rae8 18. Be3 1-0

[Event "Schachfestival 2020-Open"]
[Site "Bad Woerishofen"]
[Date "2020.03.20"]
[Round "4.16"]
[White "Winkel, Peter"]
[Black "Fischer, Julie"]
[Result "1-0"]
[WhiteElo "2175"]
[BlackElo "2059"]
[Annotator "chessorg"]
[PlyCount "63"]
[EventDate "2020.??.??"]
[WhiteTeam "Turm Krefeld"]
[BlackTeam "Bischwiller"]

1. d4 Nf6 2. Nf3 g6 3. g3 Bg7 4. Bg2 O-O 5. O-O c6 6. b3 d6 7. Bb2 Bf5 8. Nbd2
Qc8 9. Re1 d5 10. c4 Ne4 11. Nh4 Ng5 12. cxd5 cxd5 13. Bxd5 Nh3+ 14. Kg2 Bc2
15. Rc1 Nf4+ 16. Kh1 Bxd1 17. Rxc8 Rxc8 18. Bxb7 Rc2 19. Rxd1 Ne6 20. Nc4 Nc7
21. Rd2 Rxd2 22. Nxd2 Nc6 23. Bxc6 Rd8 24. Nhf3 Rd6 25. Be4 Ne6 26. e3 Kf8 27.
Kg2 Ke8 28. Kf1 Kd7 29. Nc4 Ra6 30. a4 Kc7 31. a5 Nc5 32. dxc5 1-0

[Event "Schachfestival 2020-Open"]
[Site "Bad Woerishofen"]
[Date "2020.03.09"]
[Round "4.17"]
[White "Stabolewski, Andreas"]
[Black "Tscharotschkin, Michael"]
[Result "1/2-1/2"]
[WhiteElo "2102"]
[BlackElo "2191"]
[Annotator "chessorg"]
[PlyCount "33"]
[EventDate "2020.??.??"]
[WhiteTeam "Schachtiger Langenhagen"]
[BlackTeam "SF 47 Neckartenzlingen"]

1. Nf3 d5 2. d4 c6 3. c4 e6 4. e3 f5 5. Bd3 Nf6 6. O-O Bd6 7. b3 Qe7 8. Bb2 O-O
9. Nc3 Ne4 10. Rc1 Nxc3 11. Bxc3 Nd7 12. Ne5 Nxe5 13. dxe5 Ba3 14. Rb1 a5 15.
Qc2 Bd7 16. Bd4 b5 17. c5 1/2-1/2

[Event "Schachfestival 2020-Open"]
[Site "Bad Woerishofen"]
[Date "2020.03.09"]
[Round "4.27"]
[White "Koch, Harald"]
[Black "Kuipers, Dustin"]
[Result "0-1"]
[WhiteElo "1957"]
[BlackElo "2155"]
[Annotator "chessorg"]
[PlyCount "50"]
[EventDate "2020.??.??"]
[WhiteTeam "SK Kissing"]
[BlackTeam "SV Muelheim-Nord 1931 e.V"]

1. c4 c6 2. g3 d5 3. Bg2 Nf6 4. cxd5 cxd5 5. Nf3 Bf5 6. O-O Nc6 7. d3 e5 8. Bg5
Be7 9. Nh4 Be6 10. Nc3 O-O 11. Qa4 a6 12. Rfc1 b5 13. Qd1 Rc8 14. e3 h6 15.
Bxf6 Bxf6 16. e4 dxe4 17. Nxe4 Bxh4 18. gxh4 Nd4 19. Rxc8 Qxc8 20. b4 Qd8 21.
Nc5 Qxh4 22. a4 Bg4 23. f3 Bc8 24. Qe1 Qg5 25. Kh1 Nc2 0-1

[Event "Schachfestival 2020-Open"]
[Site "Bad Woerishofen"]
[Date "2020.03.09"]
[Round "4.28"]
[White "Naundorf, Maik"]
[Black "Auschkalnis, Reinhard"]
[Result "1-0"]
[WhiteElo "2140"]
[BlackElo "1784"]
[PlyCount "41"]
[EventDate "2020.??.??"]
[WhiteTeam "SC Koenigsspringer Hagen/Wetter"]
[BlackTeam "SC Bonn Beuel"]

1. c4 c5 2. g3 g6 3. Bg2 Bg7 4. Nc3 Nc6 5. Nf3 e6 6. h4 Nf6 7. d4 d5 8. dxc5
Qa5 9. Nd2 Qxc5 10. cxd5 Nxd5 11. Nxd5 exd5 12. O-O Be6 13. Nb3 Qb6 14. Be3 d4
15. Bxc6+ bxc6 16. Nxd4 Rd8 17. Nxe6 Rxd1 18. Nxg7+ Kf8 19. Bxb6 Rxa1 20. Bc5+
Kxg7 21. Rxa1 1-0

[Event "Schachfestival 2020-Open"]
[Site "Bad Woerishofen"]
[Date "2020.03.09"]
[Round "4.33"]
[White "Frei, Markus"]
[Black "Toenniges, Thomas"]
[Result "0-1"]
[WhiteElo "1989"]
[BlackElo "2061"]
[PlyCount "48"]
[EventDate "2020.??.??"]
[WhiteTeam "Freibauer Moerlenbach"]
[BlackTeam "SV Bad Schwartau"]

1. Nf3 Nf6 2. g3 g6 3. Bg2 Bg7 4. O-O d6 5. c4 O-O 6. Nc3 Nbd7 7. d4 c5 8. e3
a6 9. b3 Rb8 10. a4 b6 11. Bb2 Bb7 12. Qc2 Qc7 13. d5 Rfe8 14. Rfe1 Rbd8 15. e4
e5 16. Nh4 Bc8 17. f4 exf4 18. gxf4 Nh5 19. Ne2 Ndf6 20. h3 Qe7 21. Rad1 Nxe4
22. Bxg7 Qxh4 23. Bxe4 Nxg7 24. Bg2 Nf5 0-1

[Event "Schachfestival 2020-Open"]
[Site "Bad Woerishofen"]
[Date "2020.03.09"]
[Round "4.35"]
[White "Hund, Sarah"]
[Black "Hoeller, Armin"]
[Result "1-0"]
[WhiteElo "2032"]
[BlackElo "1979"]
[Annotator "chessorg"]
[PlyCount "61"]
[EventDate "2020.??.??"]
[WhiteTeam "SK Freiburg-Zaehringen 1887 e.V."]
[BlackTeam "SK Weilheim e.V."]

1. e4 e5 2. Nf3 Nc6 3. Bc4 Nf6 4. d3 Be7 5. O-O O-O 6. Re1 d6 7. a4 Be6 8. Bxe6
fxe6 9. c3 Nd7 10. b4 Qe8 11. Be3 Qg6 12. Nbd2 h6 13. a5 a6 14. Qb3 Nd8 15. c4
Nf6 16. b5 Nh5 17. Rec1 Nf7 18. c5 dxc5 19. Nc4 Nf4 20. Bxf4 exf4 21. Nce5 Qh5
22. Qxe6 Bf6 23. Nxf7 Bxa1 24. N7e5+ Kh7 25. Rxa1 Rae8 26. Qd5 c6 27. bxc6 bxc6
28. Qxc5 Rf6 29. Nd7 Qxc5 30. Nxc5 Rd8 31. d4 1-0

[Event "Schachfestival 2020-Open"]
[Site "Bad Woerishofen"]
[Date "2020.03.09"]
[Round "4.44"]
[White "Mack, Thomas"]
[Black "Baierlein, Martin"]
[Result "0-1"]
[WhiteElo "1908"]
[BlackElo "2038"]
[PlyCount "54"]
[EventDate "2020.??.??"]
[WhiteTeam "Tarrasch Muenchen"]
[BlackTeam "SK Friedberg"]

1. e4 d5 2. exd5 Nf6 3. d4 g6 4. c4 b5 5. Nc3 bxc4 6. Bxc4 Bg7 7. Nf3 O-O 8.
Ne5 Nfd7 9. Bf4 Nb6 10. Be2 Bb7 11. Qb3 c6 12. O-O cxd5 13. a4 Nc6 14. Nxc6
Bxc6 15. a5 Nc4 16. Bxc4 dxc4 17. Qxc4 Qxd4 18. Qxc6 Qxf4 19. Nd5 Qd6 20. Rfe1
Rfd8 21. Rad1 Kf8 22. Qc2 Rac8 23. Nc3 Qc5 24. Rxd8+ Rxd8 25. Qe4 Bf6 26. a6
Kg7 27. g3 Rd6 0-1

[Event "Schachfestival 2020-Open"]
[Site "Bad Woerishofen"]
[Date "2020.03.09"]
[Round "4.46"]
[White "Behling, Robert"]
[Black "Schoebel-Kroehn, Lucas"]
[Result "1-0"]
[WhiteElo "2025"]
[BlackElo "1965"]
[PlyCount "69"]
[EventDate "2020.??.??"]
[WhiteTeam "SAbt TSV Haunstetten"]
[BlackTeam "Freibauer Moerlenbach"]

1. c4 g6 2. e4 Bg7 3. d4 d6 4. Nc3 Nf6 5. f3 O-O 6. Be3 e5 7. Nge2 c6 8. Qd2
Nbd7 9. d5 cxd5 10. cxd5 Nh5 11. O-O-O f5 12. Kb1 f4 13. Bf2 a6 14. Nc1 b5 15.
b4 Bb7 16. Nb3 Rc8 17. Na5 Ba8 18. Rc1 Nhf6 19. Bd3 Nb6 20. Rc2 Nfd7 21. Rhc1
Qg5 22. Bg1 Bf6 23. a4 Rxc3 24. Rxc3 Nxa4 25. Rc8 Ndb6 26. Rxf8+ Kxf8 27. Rc7
Bxd5 28. Bxb6 Nxb6 29. exd5 e4 30. Bxe4 Qe5 31. Kc2 Qa1 32. Qxf4 Kg8 33. Qxd6
Qa4+ 34. Kd2 Bg5+ 35. f4 1-0

[Event "Schachfestival 2020-Open"]
[Site "Bad Woerishofen"]
[Date "2020.03.09"]
[Round "5.1"]
[White "Pap, Misa"]
[Black "Vorobiov, Evgeny"]
[Result "1/2-1/2"]
[WhiteElo "2437"]
[BlackElo "2534"]
[PlyCount "59"]
[EventDate "2020.??.??"]
[WhiteTeam "SC Hansa Dortmund e.V."]

1. e4 c5 2. c3 d5 3. exd5 Qxd5 4. Nf3 Nf6 5. Na3 e6 6. Bc4 Qd8 7. O-O Nc6 8.
Nc2 Be7 9. d4 cxd4 10. Ncxd4 Nxd4 11. Nxd4 O-O 12. Bf4 Bd7 13. Qe2 Re8 14. Rad1
Nd5 15. Bg3 a6 16. Qf3 Bf6 17. Bxd5 exd5 18. Qxd5 Ba4 19. Qxd8 Raxd8 20. b3
Bxd4 21. Rxd4 Rxd4 22. cxd4 Bc6 23. Rc1 f6 24. f3 Re2 25. a4 Rd2 26. Rc4 Rd3
27. b4 Bxa4 28. Rc8+ Kf7 29. Rc7+ Kg6 30. Rxb7 1/2-1/2

[Event "Schachfestival 2020-Open"]
[Site "Bad Woerishofen"]
[Date "2020.03.09"]
[Round "5.2"]
[White "Burmakin, Vladimir"]
[Black "Arnold, Max"]
[Result "1-0"]
[WhiteElo "2514"]
[BlackElo "2283"]
[Annotator "chessorg"]
[PlyCount "63"]
[EventDate "2020.??.??"]
[BlackTeam "SK 1926 Ettlingen"]

1. Nf3 d5 2. g3 Bg4 3. Bg2 Nd7 4. h3 Bh5 5. c4 e6 6. cxd5 exd5 7. Qb3 Nb6 8.
O-O Nf6 9. d3 Be7 10. e4 O-O 11. Nc3 a5 12. g4 a4 13. Qc2 Bg6 14. Ne5 d4 15.
Ne2 Nfd7 16. Nxg6 hxg6 17. Nxd4 Ne5 18. Be3 c5 19. Nf3 Qxd3 20. Rac1 Qxc2 21.
Rxc2 Nd3 22. a3 Rfd8 23. Ne1 Rac8 24. Nxd3 Rxd3 25. Rfc1 Nd7 26. Bf1 Rb3 27.
Bc4 Rb6 28. f4 g5 29. Rd1 Bd6 30. fxg5 Ne5 31. Bd5 Be7 32. Rf1 1-0